Pays qui contiennent la lettre U - Statistiques

Statistiques générales
  • Ce quiz a été pris 749 fois
  • Le résultat moyen est 42 sur 68
Statistiques - réponses
Indice Pays % Correct
3 x U Uruguay
94%
1 x U Russie
88%
1 x U États-Unis
85%
1 x U Australie
81%
1 x U Paraguay
81%
1 x U Suède
81%
2 x U Turquie
78%
3 x U Afrique du Sud
77%
1 x U Portugal
76%
2 x U Royaume-Uni
75%
1 x U Ukraine
75%
1 x U Tunisie
74%
1 x U Guinée
72%
1 x U Ouzbékistan
72%
2 x U Corée du Sud
70%
1 x U Soudan
70%
2 x U Guinée Équatoriale
69%
1 x U Biélorussie
68%
1 x U Nouvelle-Zélande
68%
4 x U République Démocratique du Congo
68%
3 x U Soudan du Sud
68%
1 x U Suisse
68%
1 x U Turkménistan
68%
1 x U Autriche
67%
1 x U Pérou
67%
1 x U Bulgarie
66%
1 x U Guatemala
66%
2 x U Guinée-Bissau
66%
2 x U Tuvalu
66%
3 x U République du Congo
65%
3 x U République Tchèque
65%
1 x U Roumanie
65%
2 x U Vanuatu
65%
1 x U Cuba
63%
1 x U Lituanie
63%
1 x U Arabie Saoudite
62%
3 x U Papouasie-Nouvelle-Guinée
62%
2 x U République Dominicaine
62%
2 x U Luxembourg
61%
1 x U Ouganda
61%
2 x U Équateur
60%
1 x U Honduras
59%
1 x U Venezuela
59%
2 x U Burundi
58%
1 x U Mexique
58%
1 x U Émirats Arabes Unis
57%
1 x U Guyana
57%
1 x U Mauritanie
57%
2 x U République Centrafricaine
56%
1 x U Suriname
56%
1 x U Nicaragua
55%
1 x U Belgique
54%
1 x U Bhoutan
53%
1 x U Sainte-Lucie
53%
1 x U Slovaquie
52%
2 x U Antigua-et-Barbuda
51%
2 x U Nauru
51%
1 x U Burkina Faso
49%
1 x U Cameroun
49%
1 x U Corée du Nord
48%
1 x U Maurice
47%
1 x U Dominique
46%
1 x U Mozambique
44%
1 x U Jamaïque
43%
1 x U Brunei
42%
1 x U Singapour
40%
1 x U Djibouti
38%
1 x U Macédoine du Nord
30%
Aucun quiz correspondant
Distribution des résultats
% des personnes avec chaque résultat
Percentile par nombre de réponses
Votre historique - résultats
Vous n’avez pas pris ce quiz